000 00296nam a2200121Ia 4500
008 230524s9999 xx 000 0 und d
100 _aDavid H. Holt
245 0 _aEntrepreneurship: New Venture Creation
260 _bPHI
500 _aQuantity Number: 10
650 _aManagement
942 _cBK
999 _c49512
_d49512